Т. 56, № 4; Теплофизика высоких температур

Détails bibliographiques
Parent link:Теплофизика высоких температур: научный журнал/ Российская академия наук (РАН). Т. 56, № 4.— , 1964-
Résumé:Электронная версия печатной публикации
Langue:russe
Publié: 2018
Accès en ligne:http://energy.ihed.ras.ru/arhive/articles/179
https://elibrary.ru/contents.asp?id=36675965
Format: Électronique Livre
KOHA link:https://koha.lib.tpu.ru/cgi-bin/koha/opac-detail.pl?biblionumber=580869

MARC

LEADER 00000nam2a2200000 4500
001 580869
005 20231101130633.0
035 |a (RuTPU)RU\TPU\prd\280850 
035 |a RU\TPU\prd\277774 
090 |a 580869 
100 |a 20181029a19639999k y0rusy50 ca 
101 0 |a rus 
102 |a RU 
181 0 |a i  
182 0 |a b 
200 0 |a Т. 56, № 4  |b Электронный ресурс 
203 |a Текст  |c электронный 
210 |d 2018 
300 |a Электронная версия печатной публикации 
461 1 |0 (RuTPU)RU\TPU\prd\377  |t Теплофизика высоких температур  |o научный журнал  |f Российская академия наук (РАН)  |v Т. 56, № 4  |d 1964- 
801 0 |a RU  |b 63413507  |c 20010227  |g PSBO 
801 1 |a RU  |b 63413507  |c 20170713 
801 2 |a RU  |b 63413507  |c 20220222  |g RCR 
856 4 0 |u http://energy.ihed.ras.ru/arhive/articles/179 
856 4 0 |u https://elibrary.ru/contents.asp?id=36675965 
942 |c BK